Làm văn : Từ lí thuyết đến thực hành

Sách được tập hợp bởi nhiều bài viết đã được đăng tải trên các tạp chí chuyên ngành, thông báo khoa học các trường đại học và các tờ báo văn hóa, văn học ở trung ương theo một mục đích nhất định....

Full beskrivning

Sparad:
Bibliografiska uppgifter
Huvudupphovsman: Đỗ, Ngọc Thống
Materialtyp: Bok
Språk:Undetermined
Publicerad: Hà Nội Giáo dục 1997
Ämnen:
Taggar: Lägg till en tagg
Inga taggar, Lägg till första taggen!
Thư viện lưu trữ: Trung tâm Học liệu Trường Đại học Cần Thơ
LEADER 00905nam a2200217Ia 4500
001 CTU_22806
008 210402s9999 xx 000 0 und d
082 |a 807 
082 |b Th455 
100 |a Đỗ, Ngọc Thống 
245 0 |a Làm văn : 
245 0 |b Từ lí thuyết đến thực hành 
245 0 |c Đỗ Ngọc Thống 
260 |a Hà Nội 
260 |b Giáo dục 
260 |c 1997 
520 |a Sách được tập hợp bởi nhiều bài viết đã được đăng tải trên các tạp chí chuyên ngành, thông báo khoa học các trường đại học và các tờ báo văn hóa, văn học ở trung ương theo một mục đích nhất định. 
650 |a Literature 
650 |x Study and teaching 
904 |i Trọng Hải 
980 |a Trung tâm Học liệu Trường Đại học Cần Thơ